Регионална библиотека "Любен Каравелов" - Русе

Гнет и стоицизъм (Запис номер 153235)

MARC детайли
000 -Лидер
Контролно поле с фиксирана дължина 02381nam a2200421 c 4500
003 - Код на организацията, давaща контролен номер
Контролно поле BLK
005 - Дата и час на последна редакция
Контролно поле 20190927082403.0
008 - Елементи от данни с фиксирана дължина
fixed length control field 180410b bul|||||r ||||||| ||bul||
010 ## - Наследен системен номер
LC control number KNG00159764000
020 ## - Международен стандартен номер на книга ISBN
Международен стандартен номер на книга ISBN 978-954-561-310-4
-- издат.: Макрос
040 ## - Източник на каталожния запис
Идентификатор на билиотеката - собственик на записа BLK
041 ## - Код за език
Код за езика на текст/звукозапис или на отделно заглавие Български
Код за езика КДБФ Български
072 #7 - Код за тематичната категория
Код организация bullib
Код за тематична категория Н32
Текст Политика Н
080 ## - УДК
Текстов определител УДК Политическо преследване. Терористични действия. Тероризъм - Атентати, политически убийства. Вж и 343.1 ; 343.3/.7
УДК код - определител по УДК 323.28
УДК определител (497.2)(091)(093.3)
УДК - код + определител 323.28(497.2)(091)(093.3)
080 ## - УДК
Текстов определител УДК Заведения за изпълнение на наказанието. Заведения за трудова терапия - Затвори, принудителна работа, наказателни колонии, концентрационни лагери, възпитателни заведения и др.
УДК код - определител по УДК 343.81
УДК определител (497.2)(091)(093.3)
УДК - код + определител 343.81(497.2)(091)(093.3)
139 ## - Редно поле
Редна дума Гнет и стоицизъм
Авторски знак Гн - Г 57
245 10 - Сведения за заглавието
Заглавие Гнет и стоицизъм
Подзаглавни данни Антология : Сб. от спомени на живи свидетели и арх. док.
Редно поле (дума) анкети, ред. и състав. Надежда Любенова; * Надежда Любенова Петрова.
257 ## - Страна на издаване
Страна на създаване/издаване България
260 ## - Област на издателските данни
-- Пловдив
Име на издателя, разпространителя и проч. Макрос
Година на издаване 2013
300 ## - Физическа характеристика
Страници 396 с.
Илюстрации и др. с ил., портр., факс.
Размери/Мащаб 24 см
380 ## - Жанр
Жанр История
500 ## - Общи забележки
Забележка Пълното име на състав. е Надежда Любенова Петрова.
650 #4 - Допълнително описание по предмет – тема
Основно описание – тема или топоним Политически репресии - България - спомени
9 (RLIN) 270867
650 #4 - Допълнително описание по предмет – тема
Основно описание – тема или топоним Концентрационни лагери - България
9 (RLIN) 259554
651 #4 - Допълнително описание по предмет - топоним
Географско понятие България
9 (RLIN) 241624
653 ## - Ключова дума – ненормативна
Ключова дума политически репресии
653 ## - Ключова дума – ненормативна
Ключова дума концентрационни лагери
653 ## - Ключова дума – ненормативна
Ключова дума история
653 ## - Ключова дума – ненормативна
Ключова дума спомени
659 ## - Тематичен бюлетин
Тематичен бюлетин Н
700 1# - Други автори (авторска отговорност)
Лично име Любенова, Надежда
Автороска отговорност (Описва отношението между автора и произведението) анкети, ред. и състав.
Друга информация Петрова, Надежда Любенова
9 (RLIN) 365527
700 1# - Други автори (авторска отговорност)
Лично име Петрова, Надежда Любенова
Автороска отговорност (Описва отношението между автора и произведението) *
9 (RLIN) 331552
852 ## - Местоположение
Форматна сигнатура Цб 268408
856 4# - Електронен адрес и достъп
Електронен формат pdf - файл
Път до файла /url/
856 4# - Електронен адрес и достъп
Електронен формат pdf - файл
Път до файла /url/
942 ## - АРТИКУЛИ
Вид на библиотечния материал Книги
Скрит в OPAC Не
Koha issues (borrowed), all copies 2
944 ## - СЪЗДАВАНЕ И РЕДАКЦИЯ на ЗАПИСА
Създаване/Редакция Създаване
Дата на регистрацията/редакция 16.04.2014
Статус, дата на статуса ф /
Служител, извършил регистрацията/редакцията Людмила_Стоянова
944 ## - СЪЗДАВАНЕ И РЕДАКЦИЯ на ЗАПИСА
Създаване/Редакция Редакция
Дата на регистрацията/редакция 28.10.2014
Статус, дата на статуса ф /
Служител, извършил регистрацията/редакцията
999 ## - СИСТЕМНИ КОНТРОЛНИ НОМЕРА
Koha biblionumber 153235
Koha biblioitemnumber 153235
Наличности
Код за отписване Код за изгубен артикул Код за повреда Коз за рестрикции Код за отдаване Артикулен № Име на библиотеката - собственик Име на библиотеката, в която се намира в момента Статус (Текущо местоположение) Дата на вписване в системата Местоположение - отдел Цена в лева Инвентарен номер Систематично азбучна сигнатура Баркод Номер на екземпляра Цена в евро Служебна бележка Служебен тип на артикула
  Не е изгубен Не е повреден без рестрикции ползва се в читалня 256467 Регионална библиотека "Любен Каравелов" Русе Регионална библиотека "Любен Каравелов" Русе Хранилище 2014-04-17 Хранилище 15.00 120000776814 Цб 268408 120000776814 1 7.67 Дост: Dp Вид: Д N: 22 Дата: 21.05.2013 Книги
  Не е изгубен Не е повреден без рестрикции заемане за дома 256468 Регионална библиотека "Любен Каравелов" Русе Регионална библиотека "Любен Каравелов" Русе Заемна - подръчен фонд 2014-06-23 Заемна - подръчен фонд 15.00 120000778518 П 323(497.2)/Г 57 120000778518 2 7.67 Дост: DA Вид: А N: 10 Дата: 23.06.2014 Дата инв: 02.02.2018 Бележки инв: П2018 Книги
Vip Innovations Ltd, Rousse, Bulgaria 2025